The Global Financial Crisis and its Impact on the Chilean Banking System /

This paper explores how the global turmoil affected the risk of banks operating in Chile, and provides evidence that could help strengthen work on vulnerability indicators and off-site supervision. The analysis is based on the study of default risk codependence, or CoRisk, between Chilean banks and...

Fuld beskrivelse

Bibliografiske detaljer
Hovedforfatter: Chan-Lau, Jorge
Format: Tidsskrift
Sprog:English
Udgivet: Washington, D.C. : International Monetary Fund, 2010.
Serier:IMF Working Papers; Working Paper ; No. 2010/108
Online adgang:Full text available on IMF
LEADER 01712cas a2200241 a 4500
001 AALejournalIMF006403
008 230101c9999 xx r poo 0 0eng d
020 |c 5.00 USD 
020 |z 9781455200672 
022 |a 1018-5941 
040 |a BD-DhAAL  |c BD-DhAAL 
100 1 |a Chan-Lau, Jorge. 
245 1 4 |a The Global Financial Crisis and its Impact on the Chilean Banking System /  |c Jorge Chan-Lau. 
264 1 |a Washington, D.C. :  |b International Monetary Fund,  |c 2010. 
300 |a 1 online resource (21 pages) 
490 1 |a IMF Working Papers 
500 |a <strong>Off-Campus Access:</strong> No User ID or Password Required 
500 |a <strong>On-Campus Access:</strong> No User ID or Password Required 
506 |a Electronic access restricted to authorized BRAC University faculty, staff and students 
520 3 |a This paper explores how the global turmoil affected the risk of banks operating in Chile, and provides evidence that could help strengthen work on vulnerability indicators and off-site supervision. The analysis is based on the study of default risk codependence, or CoRisk, between Chilean banks and global financial institutions. The results suggest that the impact of the global financial crisis was limited, inducing at most a one-rating downgrade to banks operating in Chile. The paper concludes by assessing government measures aimed at reducing systemic risk in the domestic banking sector and the recommendations to allocate SWF assets to domestic banks. 
538 |a Mode of access: Internet 
830 0 |a IMF Working Papers; Working Paper ;  |v No. 2010/108 
856 4 0 |z Full text available on IMF  |u http://elibrary.imf.org/view/journals/001/2010/108/001.2010.issue-108-en.xml  |z IMF e-Library